US States Less Populous than All of their Neighbors - Statistics

General Stats
  • This quiz has been taken 21 times
    20 since last reset
  • The average score is 8 of 10
Answer Stats
Neighbors Answer % Correct
6 Wyoming
95%
3 Delaware
90%
1 Maine
90%
3 North Dakota
85%
2 Rhode Island
85%
3 Vermont
85%
4 New Mexico
80%
4 Mississippi
75%
5 West Virginia
75%
2 South Carolina
60%
No matching quizzes found
Score Distribution
Percent of People with Each Score
Percentile by Number Answered
Your Score History
You have not taken this quiz since the last reset